000 05412nas0a22006971 4500
001 RU\NLR\DRGNLR\250
005 20080514183442.0
035 _a(NLR Aleph) 010308821
090 _a10629797
_c10629797
100 _a20260118 rusy50
101 0 _arus
102 _aRU
110 _acya||||||||
200 1 _aБиржевые ведомости
_eЕжедн. полит., обществ. и лит. газ.
_fРед.-изд. П.М.Шкарин
205 _a2-е изд.
210 _aПг
_d1893, 3 (15) нояб - 1917, 26 окт
_cС.М.Проппер
300 _aВыходит в 2 изд.: 1-е изд. (см. )
421 0 _1001RU\NLR\DRGNLR\4655
_12001#$aСтраховой сборник$eОрган страх. дела в России. Беспл. прил. к 1-му и 2-му изд. "Биржевых ведомостей"$fЗа ред. М.М.Коншин
_910644510
_cСПб
_d1880, 14 июня - [?]
_fЗа ред. М.М.Коншин
_nС.М.Проппер
_oОрган страх. дела в России. Беспл. прил. к 1-му и 2-му изд. "Биржевых ведомостей"
_tСтраховой сборник
421 0 _1001RU\NLR\DRGNLR\1639
_12001#$aЗемледельческий листок$eОрган практ. сел. хоз-ва. Беспл. прил. к первому и второму изд. "Биржевых ведомостей"$fЗа ред. М.М.Коншин
_910634466
_cСПб
_d1894 - 1895
_fЗа ред. М.М.Коншин
_nС.М.Проппер
_oОрган практ. сел. хоз-ва. Беспл. прил. к первому и второму изд. "Биржевых ведомостей"
_tЗемледельческий листок
421 0 _12001#$aФабрично-промышленный вестник
_1210##$d1894 - 1895
_tФабрично-промышленный вестник
421 0 _12001#$aБиржевые ведомости: [Лит. прил.]
_1210##$d1894 - 1896
_tБиржевые ведомости: [Лит. прил.]
421 0 _12001#$aБиржевые ведомости: Прибавление
_1210##$d1899
_tБиржевые ведомости: Прибавление
430 0 _12001#$aИллюстрированные биржевые ведомости
_tИллюстрированные биржевые ведомости
540 1 _aБиржевые ведомости
702 1 _aШкарин
_bПав. Мих.
_4340
702 1 _aПроппер
_bС.М.
_gСтанислав Максимиллианович
_4650
801 0 _aRU
_bNLR
_c20080514
_gPSBO
_2gzdor_isis
801 2 _aRU
_bNLR
_c20080514
_gPSBO
_2rusmarc
852 _aNLR
_j1-П/2-8-3
942 _cNEWSPAPER
980 _aNB